Dějiny Slezska v datech

Saved in:
Bibliographic Details
Main Author Žáček, Rudolf, 1948- (Author)
Format Book
LanguageCzech
Published Praha : Libri, 2004
Edition1. vyd.
SeriesDějiny států v datech
Subjects
ISBN9788072771721
Physical Description546 s. : il., mapy, portréty, erby ; 21 cm

Cover

LEADER 00000cam a2200000 a 4500
001 63083
003 CZ-ZlUTB
005 20240829145502.0
007 ta
008 120217s2004 xr abcie 001 0dcze
020 |a 9788072771721  |q (váz.) 
040 |a ZLD002  |b cze 
043 |a e-xr---  |a e-xr-sl  |a e-pl--- 
045 |a l-x- 
072 7 |a 94(4)  |x Dějiny Evropy  |2 Konspekt  |9 8 
080 |a 94(437.33+438)  |2 MRF 
080 |a (048.8)  |2 MRF 
100 1 |a Žáček, Rudolf,  |d 1948-  |7 mzk2004232072  |4 aut 
245 1 0 |a Dějiny Slezska v datech /  |c Rudolf Žáček 
250 |a 1. vyd. 
260 |a Praha :  |b Libri,  |c 2004 
300 |a 546 s. :  |b il., mapy, portréty, erby ;  |c 21 cm 
490 1 |a Dějiny států v datech 
504 |a Obsahuje bibliografie a rejstříky 
655 7 |a chronologické přehledy  |7 fd131969  |2 czenas 
655 9 |a chronological surveys  |2 eczenas 
648 4 |a 8.-20. století 
651 7 |a Slezsko  |7 ge130850  |x dějiny  |y 8.-20. století  |2 czenas 
651 9 |a Silesia  |x history  |y 8th-20th centuries  |2 eczenas 
830 0 |a Dějiny států v datech  |0 s 
910 |a ZLD002 
928 9 |a Nakladatelství Libri 
952 |0 0  |1 0  |4 0  |6 941ŽÁČEKR  |7 0  |8 BOOK  |9 114797  |a UTBZL  |b UTBZL  |c 005  |d 2012-02-17  |l 0  |o 941/ŽÁČEK,R.  |p 420010143360  |r 2019-08-26 00:00:00  |v 590.00  |w 2019-08-26  |x N:nákup; | 20100831  |y 01 
992 |a BK  |b SK 
999 |c 63083  |d 63083